00751nam a22002297a 45000010005000000030006000050050017000110080041000280200018000690400030000870500015001170820012001321000016001442450038001602600037001983000048002355050008002835200155002915210029004465210020004756500026004954245FISKH20240710101526.0240710b cb ||||| |||| 00| 0 eng d a9780545317634 aFISKH bengcFISKHdFISKH aQL759.R93  a591.47  aRyan, Emma  aAnimal disguises /cby Emma Ryan  aNew York : bScholastic, c2011. a32 pages : bcolor illustrations ; c23 cm  aM  aProvides an introduction to animals on land, in the air, and under the sea that use camouflage to protect themselves from enemies, or hunt their prey.8 a550 bLexile Adjusted 8 aM bRaz-Plus  aAnimals vCamouflage